Jane's electro optics image intensifier system, 1996 (Record no. 246680)
[ view plain ]
| 000 -LEADER | |
|---|---|
| fixed length control field | 00240 a2200109 4500 |
| 001 - CONTROL NUMBER | |
| control field | 11607 |
| 090 ## - LOCALLY ASSIGNED LC-TYPE CALL NUMBER (OCLC); LOCAL CALL NUMBER (RLIN) | |
| -- | 8962 |
| -- | 8962 |
| 100 ## - MAIN ENTRY--PERSONAL NAME | |
| Personal name | Jane's |
| 245 ## - TITLE STATEMENT | |
| Title | Jane's electro optics image intensifier system, 1996 |
| 260 ## - PUBLICATION, DISTRIBUTION, ETC. | |
| Name of publisher, distributor, etc. | Jane's |
| 740 ## - ADDED ENTRY--UNCONTROLLED RELATED/ANALYTICAL TITLE | |
| Uncontrolled related/analytical title | electroptics |
| 942 ## - ADDED ENTRY ELEMENTS (KOHA) | |
| Institution code [OBSOLETE] | NUST-CAE |
| Withdrawn status | Lost status | Damaged status | Not for loan | Collection code | Permanent Location | Current Location | Date acquired | Total Checkouts | Barcode | Date last seen | Price effective from | Koha item type |
|---|---|---|---|---|---|---|---|---|---|---|---|---|
| College of Aeronautical Engineering (CAE) | College of Aeronautical Engineering (CAE) | 04/03/2017 | CAE66326 | 04/05/2017 | 04/05/2017 | Book |
